|
|
|
|
| LEADER |
00783cam a2200205 7i4500 |
| 001 |
0000009621 |
| 005 |
20170619090000.0 |
| 008 |
080815 eng |
| 020 |
|
|
|a 9780415388467
|
| 090 |
0 |
0 |
|a LB1028
|b .N48 2008
|
| 245 |
0 |
0 |
|a Networking practitioner research
|c Colleen McLaughlin.
|
| 260 |
|
|
|a London:
|b Routledge,
|c 2008.
|
| 300 |
|
|
|a x, 246 p.:
|b ill.;
|c 24 cm.
|
| 504 |
|
|
|a Includes bibliographical references and index
|
| 650 |
0 |
0 |
|a School improvement programs --
|z England
|
| 650 |
0 |
0 |
|a Education --
|x Research --
|z England
|
| 700 |
1 |
|
|a McLaughlin, Colleen
|
| 997 |
|
|
|a Education & Social Sciences, Faculty
|b Education, Department
|
| 999 |
|
|
|a 0000031604
|b BOK
|c OPEN SHELF
|e 1st Floor, Bestari Jaya
|
| 999 |
|
|
|a 0000032559
|b BOK
|c OPEN SHELF
|e 1st Floor, Bestari Jaya
|